Państwa graniczące z Polską - nagła śmierć - Statystyki

Ogólne statystyki
  • Ten quiz został rozwiązany 209 razy
  • Średni wynik to 7 z 7
Answers on the Grid
Answers color-coded by a green-red scale on the quiz's grid according to % correct below.
Belgia
Białoruś
Bułgaria
Czechy
Estonia
Finlandia
Francja
Gujana
Kazachstan
Kirgistan
Litwa
Łotwa
Niemcy
Rosja
Słowacja
Szwajcaria
Szwecja
Togo
Ukraina
Watykan
Węgry
 
Statystyki odpowiedzi
Odpowiedź % Poprawnych
Czechy
99%
Ukraina
96%
Niemcy
95%
Litwa
94%
Słowacja
94%
Białoruś
93%
Rosja
92%
Nie znaleziono quizów pasujących do podanych kryteriów
Rozkład punktacji
Procent ludzi z każdym wynikiem
Percentyl według liczby udzielonych odpowiedzi
Twoja historia wyników
Nie rozwiązałeś tego quizu